Loading...
| History - American | 0 | 6 | 1 | 0 | 55 | 84 | 105.83 | 0 | 1 | 0.00 | 0.00 |
| History - European | 0 | 5 | 0 | 2 | 50 | 51 | 97.60 | 0 | 2 | 0.00 | 0.00 |
| Literature - World | 0 | 3 | 0 | 1 | 30 | 128 | 136.67 | 0 | 0 | 0.00 | 0.00 |
| Pop Culture | 0 | 3 | 0 | 0 | 30 | 72 | 76.67 | 0 | 0 | 0.00 | 0.00 |
| Fine Arts - Painting and Sculpture | 0 | 3 | 0 | 0 | 30 | 80 | 87.00 | 0 | 1 | 0.00 | 0.00 |
| Social Science | 0 | 2 | 0 | 0 | 20 | 72 | 83.00 | 0 | 1 | 0.00 | 0.00 |
| Science - Other | 0 | 2 | 0 | 0 | 20 | 71 | 90.00 | 0 | 0 | 0.00 | 0.00 |
| Religion | 0 | 2 | 1 | 0 | 15 | 80 | 87.00 | 1 | 2 | 0.00 | 0.00 |
| History - Other | 0 | 1 | 0 | 0 | 10 | 92 | 92.00 | 0 | 0 | 0.00 | 0.00 |
| Literature - American | 0 | 1 | 0 | 0 | 10 | 93 | 93.00 | 0 | 0 | 0.00 | 0.00 |
| Mythology | 0 | 1 | 0 | 0 | 10 | 95 | 95.00 | 1 | 1 | 0.00 | 0.00 |
| Other Academic | 0 | 1 | 0 | 1 | 10 | 136 | 136.00 | 0 | 0 | 0.00 | 0.00 |
| Philosophy | 0 | 1 | 0 | 0 | 10 | 72 | 72.00 | 0 | 1 | 0.00 | 0.00 |
| Literature - European | 0 | 1 | 0 | 0 | 10 | 96 | 96.00 | 1 | 1 | 0.00 | 0.00 |
| History - World | 0 | 1 | 1 | 0 | 5 | 79 | 79.00 | 0 | 0 | 0.00 | 0.00 |
| Fine Arts - Other | 0 | 1 | 1 | 0 | 5 | 129 | 129.00 | 0 | 0 | 0.00 | 0.00 |
| Science - Biology | 0 | 1 | 1 | 0 | 5 | 105 | 105.00 | 0 | 0 | 0.00 | 0.00 |
| Fine Arts - Classical Music | 0 | 1 | 1 | 0 | 5 | 103 | 103.00 | 0 | 0 | 0.00 | 0.00 |
| Science - Chemistry | 0 | 0 | 0 | 0 | 0 | 0.00 | 0 | 0 | 0.00 | 0.00 |